Investigación, organización y plantilla de precios descompuestos / (Record no. 112466)

MARC details
000 -LEADER
campo de control de longitud fija 00568nam a2200169 4500
001 - NÚMERO DE CONTROL
campo de control 112466
003 - IDENTIFICADOR DE NÚMERO DE CONTROL
campo de control ES-MaACL
005 - FECHA Y HORA DE LA ÚLTIMA TRANSACCIÓN
campo de control 20230906185532.0
007 - CAMPO FIJO DE DESCRIPCIÓN FÍSICA--INFORMACIÓN GENERAL
campo de control de longitud fija t|
008 - DATOS DE LONGITUD FIJA--INFORMACIÓN GENERAL
campo de control de longitud fija 061121s1952 sp r ||||1| spa d
100 1# - ENTRADA PRINCIPAL--NOMBRE DE PERSONA
Nombre de persona Muñoz Mezquieta, Salvador.
9 (RLIN) 84459
245 10 - MENCIÓN DEL TÍTULO
Título Investigación, organización y plantilla de precios descompuestos /
Mención de responsabilidad, etc. Salvador Muñoz Mezquieta , y Jesús Martín Poveda.
260 ## - PUBLICACIÓN, DISTRIBUCIÓN, ETC.
Lugar de publicación, distribución, etc. [s.l. :
Nombre del editor, distribuidor, etc. s.n.],
Fecha de publicación, distribución, etc. 1952 (
Fabricante Artes Gráficas)
300 ## - DESCRIPCIÓN FÍSICA
Extensión 251 p. ;
Dimensiones 24 cm.
700 1# - ENTRADA AGREGADA--NOMBRE PERSONAL
Nombre de persona Martín Poveda, Jesús.
9 (RLIN) 77612
852 ## - LOCALIZACIÓN
Ubicación ES-MaACL
Número de control de estantería D-7244
Sublocalización o colección R.32162
Holdings
Estatus retirado Estado de pérdida Estado de daño No para préstamo Biblioteca de origen Biblioteca actual Ubicación en estantería Fecha de adquisición Fuente de adquisición Total de préstamos Signatura topográfica completa Código de barras Visto por última vez Precio de reemplazo Tipo de ítem Koha
        Biblioteca del Ateneo de Madrid Biblioteca del Ateneo de Madrid Sala Valle Inclán 17/01/2008     D-7244 901117318 23/02/2023 23/02/2023 Libro impreso